000 00497nam a2200205Ia 4500
003 OSt
005 20230327102852.0
008 210423s2007 xx 000 0 und d
020 _a8174463178
040 _cAL
041 _aeng
082 _a658 RAOV
100 _aRAO (V S P);KRISHNA (V Hari).
_978130
245 _aManagement: text and cases.
260 _aNew Delhi
_bExcel Books
_c2007
300 _axx,966
365 _b250
_cINR
906 _acases. ; Management:
942 _2ddc
_cBK
999 _c156046
_d156046